every folklore song - Statistics

General Stats
  • This quiz has been taken 36 times
  • The average score is 16 of 17
Answer Stats
folklore songs % Correct
the 1
100%
august
95%
cardigan
95%
my tears ricochet
95%
seven
95%
the last great american dynasty
95%
this is me trying
95%
betty
90%
epiphany
90%
hoax
90%
illicit affairs
90%
mad woman
90%
mirrorball
90%
peace
90%
the lakes
90%
exile (feat. Bon Iver)
86%
invisible string
81%
No matching quizzes found
Score Distribution
Percent of People with Each Score
Percentile by Number Answered
Your Score History
You have not taken this quiz